[Event "POL-chT Ekstraliga 2018"]
[Site "Wroclaw"]
[Date "2018.09.14"]
[Round "4"]
[White "Zwardon, Vojtech"]
[Black "Czarnota, Pawel"]
[Result "1/2-1/2"]
[WhiteElo "2452"]
[BlackElo "2546"]
[Annotator "TA"]
[PlyCount "66"]
[EventDate "2018.06.08"]
[EventType "team-tourn"]
[EventCountry "POL"]
[SourceTitle "playchess.com"]
[Source "ChessBase"]
[SourceQuality "1"]

{[%evp 25,66,17,0,6,8,0,0,-27,0,0,0,-15,-13,-28,-8,-12,-11,-16,-16,-17,-15,-12,-16,-14,-8,-44,-43,-50,-27,-57,-33,-39,-39,-64,-64,-70,-64,-62,0,-5,0,0,-4]} 1. c4 c6 2. Nc3 d5 3. cxd5 cxd5 4. d4 Nf6 5. Bf4 Nc6 6. e3 a6 7. Rc1 Bf5 8. Nf3 Rc8 9. Ne5 {D13: Slav Defence: Exchange variation without ...Bf5} (9. Be2 e6 10. O-O Nd7 11. Na4 Be7 12. h3 O-O 13. a3 Na5 14. Nc5 Nc4 15. b4 Nxc5 16. dxc5 Nxa3 {1-0 (44) So,W (2778)-Carlsen,M (2843) Stavanger 2018}) 9... e6 10. Qb3 Nxe5 11. Bxe5 Qd7 12. Be2 Ne4 13. f3 Nd6 {LiveBook: 4 Games} 14. Kf2 Nc4 15. Bf4 Be7 {[#]} 16. Rhd1 $146 ({Predecessor:} 16. h4 h6 {0-1 (37) Fontaine,R (2548)-Sebag,M (2506) France 2010}) 16... Na5 17. Qa4 Nc6 $1 18. a3 O-O 19. b4 Bg6 20. Qb3 b5 21. Na2 Na7 22. Qb2 h6 23. a4 Qb7 24. axb5 Nxb5 25. Qb3 Rxc1 26. Rxc1 Rc8 27. Qd1 Na3 28. Rxc8+ Qxc8 29. Qa4 {[#]} Nb5 $1 {[%mdl 512]} 30. Bxb5 axb5 31. Qxb5 Bb1 (31... Qc2+ $15 32. Qe2 Qb3) 32. Qe2 $11 Bxa2 33. Qxa2 Bxb4 {Precision: White = 66%, Black = 51%.} 1/2-1/2

[Event "POL-chT Ekstraliga 2018"]
[Site "Wroclaw"]
[Date "2018.09.14"]
[Round "4"]
[White "Butkiewicz, Lukasz"]
[Black "Gumularz, Szymon"]
[Result "1/2-1/2"]
[WhiteElo "2449"]
[BlackElo "2452"]
[Annotator "TA"]
[PlyCount "67"]
[EventDate "2018.06.08"]
[EventType "team-tourn"]
[EventCountry "POL"]
[SourceTitle "playchess.com"]
[Source "ChessBase"]
[SourceQuality "1"]

{[%evp 25,67,25,27,30,30,32,37,25,17,23,34,11,35,27,30,34,28,27,28,43,29,32,35,37,35,29,22,12,14,14,15,8,28,1,0,-9,18,15,12,8,27,23,22,0]} 1. e4 c6 2. d4 d5 3. e5 Bf5 4. Nf3 e6 5. Be2 c5 6. Be3 cxd4 7. Nxd4 Ne7 8. c4 Nbc6 9. Qa4 {B12: Caro-Kann: Advance Variation} a6 10. Nc3 dxc4 11. O-O-O Qa5 12. Qxa5 Nxa5 13. Nxf5 Nxf5 {LiveBook: 16 Games} 14. Bb6 Nc6 15. f4 {[%cal Bf2f4,Bf4f5][%mdl 32]} Rc8 16. Bxc4 g5 (16... Bb4) 17. g4 $146 Nh4 18. f5 Nxe5 19. Bb3 $1 Bc5 20. Bxc5 Rxc5 21. fxe6 fxe6 22. Bxe6 Ke7 23. Bd5 b5 {[#] Strongly threatening ...b4.} 24. Kb1 Rd8 25. Rhe1 Nhg6 {White must now prevent ...b4.} 26. Be4 Rxd1+ 27. Nxd1 Kf6 28. Ne3 Nc4 {[#] ...Nd2+ is the strong threat.} 29. Nd5+ Kg7 {aiming for ...Nd2+.} 30. Rd1 Rc8 31. b3 {Threatens to win with Bf5.} Nce5 32. Ne3 Rc3 33. Nf5+ Kf7 34. Nh6+ {Precision: White = 72%, Black = 62%.} 1/2-1/2

[Event "POL-chT Ekstraliga 2018"]
[Site "Wroclaw"]
[Date "2018.09.14"]
[Round "4"]
[White "Stachowiak, Kamil"]
[Black "Luch, Michal"]
[Result "1-0"]
[WhiteElo "2433"]
[BlackElo "2395"]
[Annotator "TA"]
[PlyCount "59"]
[EventDate "2018.06.08"]
[EventType "team-tourn"]
[EventCountry "POL"]
[SourceTitle "playchess.com"]
[Source "ChessBase"]
[SourceQuality "1"]

{[%evp 21,59,37,33,31,39,30,30,33,32,31,31,31,39,35,38,38,38,38,104,103,102,101,104,99,159,158,325,183,177,188,178,179,457,433,2252,2621,2387,2277,2145,2064]} 1. d4 Nf6 2. c4 e6 3. Nf3 d5 4. g3 dxc4 5. Bg2 Bb4+ 6. Bd2 a5 7. Qc2 {E04: Open Catalan: 5 Nf3} (7. O-O O-O 8. Bg5 h6 9. Bxf6 Qxf6 10. a3 Bd6 11. Nc3 Nc6 12. Rc1 e5 13. d5 Nd4 14. Nxd4 exd4 15. Ne4 {0-1 (66) Ding,L (2777)-Wang,H (2709) Huaian 2017}) 7... Bxd2+ 8. Qxd2 c6 9. a4 Ne4 10. Qf4 Nd6 11. Na3 O-O {LiveBook: 4 Games} 12. Ne5 {[%mdl 1024] White has compensation.} Na6 13. O-O Nb4 {[#]} 14. Rfc1 $146 ({Predecessor:} 14. Rfd1 f6 15. Nexc4 Nxc4 16. Nxc4 {1-0 (30) Jojua,D (2590)-Blagojevic,D (2493) Sarajevo 2017}) 14... Nd5 15. Qd2 Nb6 16. Naxc4 Nbxc4 17. Nxc4 Nxc4 18. Rxc4 e5 19. d5 $36 {[%mdl 2048] White is more active.} Be6 (19... Qd6 $1 $14) 20. Rd1 $16 cxd5 21. Bxd5 Qb6 {[#] Threatens to win with ...Bxd5.} 22. Qc3 f6 ({Black should try} 22... g6) 23. Rc7 Rfd8 $2 (23... Rf7 $16 {was necessary.} 24. Rxf7 Kxf7) 24. Bxe6+ ({Not} 24. Rxb7 Qxb7 25. Bxb7 Rxd1+ 26. Kg2 Ra7 $16) (24. Qc5 $142 Rxd5 25. Qxb6 Rxd1+ 26. Kg2 Bd5+ 27. f3) 24... Qxe6 $18 25. Rxd8+ Rxd8 26. Qxa5 {KQR-KQR} Rd1+ $2 (26... Qa6 27. Qxa6 bxa6) 27. Kg2 {[#] Threatening mate with Qa8+.White is clearly winning.} Qa6 (27... Qd5+ $142 28. Qxd5+ Rxd5 29. Rxb7 Ra5) 28. Rc8+ Kf7 29. Qc7+ Kg6 30. Qc2+ {Precision: White = 100%, Black = 32%.} 1-0

[Event "POL-chT Ekstraliga 2018"]
[Site "Wroclaw"]
[Date "2018.09.14"]
[Round "4"]
[White "Sieciechowicz, Marcin"]
[Black "Kanarek, Marcel"]
[Result "1/2-1/2"]
[WhiteElo "2425"]
[BlackElo "2505"]
[Annotator "TA"]
[PlyCount "103"]
[EventDate "2018.06.08"]
[EventType "team-tourn"]
[EventCountry "POL"]
[SourceTitle "playchess.com"]
[Source "ChessBase"]
[SourceQuality "1"]

{[%evp 19,103,-17,0,-14,0,3,21,15,29,18,18,19,15,10,21,21,33,48,49,26,32,0,0,0,0,7,74,57,124,94,120,115,117,92,191,208,194,203,195,197,204,199,205,159,159,43,22,0,0,0,0,0,187,160,152,102,116,90,103,0,0,0,0,0,0,0,0,0,0,0,0,0,0,4,19,0,0,0,0,0,0,0,0,0,0,0]} 1. d4 Nf6 2. Nf3 g6 3. Bg5 Bg7 4. e3 O-O 5. Bd3 c5 6. Nbd2 d5 7. c3 b6 8. O-O Bb7 9. Qe2 {D03: 1 d4 d5 2 Nf3 Nf6 3 Bg5, including Torre Attack with early ...d5} (9. Ne5 Ne8 10. Bh4 Nd6 11. Qg4 Bc8 12. Qe2 Bb7 13. Rad1 Nd7 14. Nef3 Nf6 15. dxc5 bxc5 16. c4 Qc7 {1-0 (51) Inarkiev,E (2690)-Wei,Y (2735) Magas 2018}) 9... Ne4 10. Bf4 Nd7 {LiveBook: 11 Games} 11. a4 a6 12. h3 h6 13. Rfd1 $146 ({Predecessor:} 13. Rac1 f5 14. Bb1 Qe8 15. Bh2 Kh8 16. Rfd1 Qf7 17. Ne1 e5 {0-1 (61) Gonzalez Gonzalez,H (2039)-Khairullin,I (2329) Peniscola 2002}) 13... Qc8 14. Rac1 c4 15. Bc2 b5 16. Nxe4 dxe4 17. Nd2 f5 18. b3 {[%cal Rb3c4]} Bd5 19. bxc4 bxc4 20. Rb1 e5 21. Bh2 Qc6 22. a5 exd4 (22... Rab8 $11 {keeps the balance.}) 23. exd4 $16 Rfc8 (23... Rac8 $14) 24. Rb4 Bf8 25. Ba4 Qe6 26. Rb2 Bd6 (26... Ra7 $16) 27. Bxd6 $18 Qxd6 28. Rb4 Nf6 29. Nxc4 Bxc4 30. Rxc4 Kg7 31. Rb1 {[#] Rb7+ is the strong threat.} Rab8 32. Rxb8 (32. Rbb4 $16) 32... Rxb8 $14 33. Qa2 {Black must now prevent Rc6.} Qf4 34. Rb4 Qc1+ 35. Kh2 Qxc3 $2 (35... Rxb4 $11 {and Black is okay.} 36. cxb4 e3) 36. Rxb8 $18 {[#] White wants to mate with Rb7+.} Qc7+ 37. g3 {aiming for Qb3.} Qxb8 38. Qe6 Qb4 39. Bb3 ({White should try} 39. Kg2 $16) 39... Qxd4 $11 {The position is equal.} 40. Qe7+ Kh8 41. Qf8+ Kh7 42. Qf7+ Kh8 43. Kg2 e3 $1 44. Qf8+ Kh7 45. Qf7+ Kh8 46. fxe3 Qe4+ 47. Kh2 Qc6 48. Kg1 Qc1+ 49. Kg2 Qc6+ 50. Kg1 Qc1+ 51. Kg2 Qc6+ 52. Kg1 {Precision: White = 72%, Black = 53%.} 1/2-1/2

[Event "POL-chT Ekstraliga 2018"]
[Site "Wroclaw"]
[Date "2018.09.14"]
[Round "4"]
[White "Tomczak, Mikolaj"]
[Black "Nguyen, Piotr"]
[Result "1/2-1/2"]
[WhiteElo "2418"]
[BlackElo "2397"]
[Annotator "TA"]
[PlyCount "113"]
[EventDate "2018.06.08"]
[EventType "team-tourn"]
[EventCountry "POL"]
[SourceTitle "playchess.com"]
[Source "ChessBase"]
[SourceQuality "1"]

{[%evp 22,113,36,24,38,27,25,-2,20,22,22,22,21,17,20,14,17,0,6,0,0,0,0,-6,60,9,19,12,16,18,5,6,59,29,28,28,32,23,20,28,32,12,12,12,11,7,9,8,8,8,8,6,4,6,10,9,12,8,67,73,152,145,174,119,255,216,188,174,238,242,216,235,291,288,249,202,196,199,196,194,179,91,104,16,13,8,8,8,8,5,8,0,0,0]} 1. d4 Nf6 2. Nf3 g6 3. c4 Bg7 4. g3 c5 5. Bg2 cxd4 6. Nxd4 Nc6 7. Nc3 O-O 8. Nc2 d6 9. O-O Be6 10. b3 Qd7 11. Bb2 Bh3 12. f3 {LiveBook: 3 Games. A38: Symmetrical English vs ...g6: 4 Bg2 Bg7 5 Nf3 Nf6} (12. Ne3 Rfd8 13. Qb1 Bxg2 14. Kxg2 e6 15. Rd1 a6 16. Rd2 Ne5 17. f3 b5 18. Ne4 Nxe4 19. Qxe4 bxc4 20. bxc4 {½-½ (67) Grischuk,A (2783)-Navara,D (2737) Tbilisi 2017}) 12... Bxg2 13. Kxg2 {[#]} e6 $146 ({Predecessor:} 13... Rfd8 14. e4 a6 15. Qe2 Rac8 16. Rfd1 b6 17. Ne3 e6 18. Rac1 Qb7 19. a4 Nd7 20. Na2 Nf6 21. Nc3 Nd7 {½-½ (21) Pein,M (2401)-Kosten,A (2534) Sunningdale 2007}) 14. Qd2 {White has an edge.} Rad8 15. Rad1 d5 16. cxd5 exd5 17. e3 Rfe8 18. Qf2 Qe7 19. Rfe1 h5 20. h3 Qc5 21. Na4 Qa5 22. Nd4 Nd7 ({Black should try} 22... Ne5 $11) 23. Qd2 (23. Bc3 $14 Qa6 24. Nxc6 Qxc6 25. Rc1) 23... Qxd2+ $11 24. Rxd2 Nxd4 25. Bxd4 Bxd4 26. Rxd4 Ne5 (26... Nf6 $11) 27. Rd2 Nc6 28. Nc5 Re7 29. Kf2 f5 30. Red1 b6 31. Nd3 d4 32. exd4 Rxd4 33. Nf4 Rxd2+ 34. Rxd2 {[%mdl 4096] Endgame KRN-KRN} Ne5 $1 35. Nd5 Re6 36. Nc7 Rc6 37. Nb5 a6 38. Rd8+ Kf7 39. Nd4 Rc1 (39... Rc7 $11) 40. Rd6 $14 Ra1 {[#]} (40... Rc3 $142) 41. Ke3 $1 $16 {Hoping for f4.} Kg7 42. a4 (42. Ne6+ $18 Kf6 43. Nd4+ Kg7 44. Ne6+ (44. Rxb6 Rxa2 45. f4 Nf7 $16) 44... Kf6 45. Nc7+ Ke7 46. Rxb6) 42... b5 (42... Re1+ $16 43. Kd2 Rg1) 43. Rxa6 ({Don't take} 43. axb5 $6 axb5 44. Nxb5 Re1+ 45. Kf2 Rh1 $16) 43... bxa4 44. bxa4 {[%cal Bb3a4,Ba4a5][%mdl 32]} Re1+ (44... h4 {was necessary.}) 45. Kd2 $18 Rg1 {[#]} 46. Re6 $1 {[%cal Re6e5]} Nf7 47. a5 Ng5 48. Re3 {And now Ra3 would win.} Ra1 49. h4 Nf7 50. Nb3 Ra4 51. Re6 (51. Re1 $18) 51... g5 $16 52. hxg5 ({White should play} 52. a6 $16) 52... Nxg5 $11 {The position is equal.} 53. Re3 f4 $1 {[%cal Rf4e3]} 54. gxf4 Rxf4 55. Ke2 {Threatens to win with a6.} h4 56. Kf2 Ra4 57. Re2 {Precision: White = 52%, Black = 55%.} 1/2-1/2

[Event "POL-chT Ekstraliga 2018"]
[Site "Wroclaw"]
[Date "2018.09.14"]
[Round "4"]
[White "Szczepkowska, Karina"]
[Black "Kiolbasa, Oliwia"]
[Result "1/2-1/2"]
[WhiteElo "2412"]
[BlackElo "2255"]
[Annotator "TA"]
[PlyCount "137"]
[EventDate "2018.06.08"]
[EventType "team-tourn"]
[EventCountry "POL"]
[SourceTitle "playchess.com"]
[Source "ChessBase"]
[SourceQuality "1"]

{[%evp 11,137,31,27,30,26,27,34,28,36,22,49,29,69,57,55,14,14,14,17,14,14,22,15,14,14,3,10,10,16,13,20,12,12,0,0,0,0,0,0,0,0,-16,14,12,53,0,0,0,0,0,0,3,51,53,98,106,94,100,100,105,123,116,111,100,142,123,137,123,131,133,267,267,267,261,473,312,506,504,429,250,250,187,252,246,241,217,231,213,225,166,502,148,157,154,150,93,120,68,68,68,68,68,110,110,110,110,110,110,110,110,110,77,110,110,110,110,110,110,110,110,110,110,110,110,110,110,110,0]} 1. d4 d5 2. c4 dxc4 3. e3 e5 4. Bxc4 exd4 5. exd4 Nf6 6. Nf3 Bd6 7. Qe2+ {D20: Queen's Gambit Accepted: 3 e3 and 3 e4} Qe7 8. Qxe7+ Bxe7 9. O-O {White is slightly better.} O-O 10. Nc3 (10. Re1 Bd6 11. Nc3 a6 12. Bg5 Nbd7 13. a4 h6 14. Bh4 g5 15. Bg3 Kg7 16. Bb3 Re8 17. Ne5 Re7 {½-½ (17) Li,C (2724)-Alekseenko,K (2625) Qinhuangdao 2018}) 10... a6 11. Bf4 b5 12. Bb3 Bd6 13. Ne5 $146 ({Predecessor:} 13. Bxd6 cxd6 14. Rfe1 Bb7 {0-1 (58) Pagnoncelli,M-Bellini,F (2350) Robecchetto 1994}) 13... Bb7 14. Rfe1 Nc6 15. Nxc6 Bxf4 16. Ne5 Rad8 17. Rad1 g6 18. a4 b4 19. Na2 {[%cal Bc3a2,Ba2c1,Bc1d3][%mdl 32]} a5 20. Nc1 {[#]} c5 $1 {[%mdl 512]} 21. Ncd3 (21. dxc5 Rxd1) 21... Rxd4 22. Nxc5 (22. Nxf4 {feels hotter.} Rxf4 23. Rc1 Ne4 24. Rc2 Rf5 25. Nc4) 22... Rxd1 23. Rxd1 {Hoping for Ned3.} Bxe5 24. Nxb7 Bxb2 25. Nxa5 Ne4 26. Nb7 Rc8 27. a5 Nc5 28. Bd5 (28. Bxf7+ $5 Kf8 29. Bd5 $16) 28... Rc7 29. Nxc5 Rxc5 $11 {[%mdl 4096] Endgame KRB-KRB} 30. a6 Ra5 31. Bc4 b3 32. Rb1 Bd4 33. Rxb3 Ra1+ 34. Bf1 Ra2 {[#]} 35. Rf3 $1 Ra1 36. Rd3 Bc5 37. Rc3 Bd4 38. Rc2 Kg7 39. g4 h6 40. Kg2 f5 (40... Ra4 $16 41. f4 Kf6) 41. gxf5 $18 gxf5 42. Rd2 Bc3 $2 (42... Bc5 {was called for.} 43. Rd5 Bb6) 43. Rd6 Be5 $2 (43... f4 {keeps fighting.} 44. Be2 Kf7 45. Bc4+ Ke8 46. Rxh6 Bd4) 44. Rd7+ Kf6 45. Bc4 (45. a7 $142) 45... Bb8 46. Rh7 Kg6 (46... Kg5 $142 47. Rb7 Bd6) 47. Rb7 Be5 48. Rd7 {a7 is the strong threat.} Bb8 49. Bd3 Ra5 50. h3 Kg5 $2 (50... Ra3 {is a better chance.} 51. h4 Kf6) 51. Kf3 $2 (51. Rb7 $18 {and the rest is easy.} Bd6 52. a7) 51... Kf6 52. Ke3 Kg5 53. Rb7 (53. Rg7+ $142 Kf6 54. Rh7 (54. Rb7 Bd6 $16)) 53... Bd6 $16 54. Rb5 (54. Kf3 $16) 54... Rxb5 $14 55. Bxb5 {KB-KB} Bc5+ 56. Kf3 f4 57. Ke2 {White is better.} Kf5 58. f3 Ke5 59. Kd3 Bg1 60. Be8 Bf2 61. Kc4 Bg1 62. h4 {[%cal Bh3h4,Bh4h5][%mdl 32]} Bf2 63. Kd3 Kd5 64. Bf7+ Kc6 {[#]} 65. h5 $1 Bh4 66. Ke4 Bg5 67. Bc4 Kb6 68. Ke5 Ka7 69. Ke4 {Precision: White = 63%, Black = 48%.} (69. Bb5 $16) 1/2-1/2

[Event "POL-chT Ekstraliga 2018"]
[Site "Wroclaw"]
[Date "2018.09.14"]
[Round "4"]
[White "Osmak, Iulija"]
[Black "Majdan, Joanna"]
[Result "0-1"]
[WhiteElo "2405"]
[BlackElo "2371"]
[Annotator "NA"]
[PlyCount "82"]
[EventDate "2018.06.08"]
[EventType "team-tourn"]
[EventCountry "POL"]
[SourceTitle "playchess.com"]
[Source "ChessBase"]
[SourceQuality "1"]
[TimeControl "40/5400+30:1800+30"]

1. d4 {[%emt 0:00:00]} c5 {[%emt 0:00:00]} 2. d5 {[%emt 0:00:00]} e6 {[%emt 0:00:00]} 3. e4 {[%emt 0:00:04]} Nf6 {[%emt 0:00:43]} 4. dxe6 {[%emt 0:01:32]} dxe6 {[%emt 0:04:20]} 5. Qxd8+ {[%emt 0:00:33]} Kxd8 {[%emt 0:00:03]} 6. Nc3 {[%emt 0:01:14]} Nc6 {[%emt 0:03:38]} 7. Bf4 {[%emt 0:01:34]} Bd7 {[%emt 0:05:18]} 8. O-O-O {[%emt 0:07:30]} Be7 {[%emt 0:04:09]} 9. Nf3 {[%emt 0:03:17]} h6 {[%emt 0:10:35]} 10. h3 {[%emt 0:06:31]} g5 {[%emt 0:05:27]} 11. Bh2 {[%emt 0:03:26]} Ke8 {[%emt 0:03:41]} 12. e5 {[%emt 0:19:03]} Nd5 {[%emt 0:09:14]} 13. Ne4 {[%emt 0:14:10]} Rd8 {[%emt 0:05:14]} 14. Nfd2 {[%emt 0:05:12]} Na5 {[%emt 0:01:45]} 15. Be2 {[%emt 0:02:20]} Bc6 {[%emt 0:04:28]} 16. Bf3 {[%emt 0:03:00]} Kf8 {[%emt 0:00:46]} 17. Nd6 {[%emt 0:04:14]} Bxd6 {[%emt 0:05:13]} 18. exd6 {[%emt 0:00:04]} Nf4 {[%emt 0:00:29]} 19. h4 {[%emt 0:08:36]} Kg7 {[%emt 0:05:11]} 20. hxg5 {[%emt 0:03:48]} hxg5 {[%emt 0:00:04]} 21. Bxc6 {[%emt 0:01:23]} Nxc6 {[%emt 0:00:51]} 22. Ne4 {[%emt 0:00:23]} Kg6 {[%emt 0:01:19]} 23. Nxc5 {[%emt 0:03:02]} b6 {[%emt 0:00:18]} 24. Ne4 {[%emt 0:00:50]} f5 {[%emt 0:02:28]} 25. Nc3 $15 {[%emt 0:00:43]} Nxg2 {[%emt 0:07:06]} 26. Nb5 {[%emt 0:02:46]} Kf6 {[%emt 0:02:00]} 27. d7 {[%emt 0:02:11]} f4 {[%emt 0:01:23]} 28. Nd6 {[%emt 0:05:36]} Rxd7 {[%emt 0:06:10]} 29. Ne4+ {[%emt 0:00:12]} Ke7 {[%emt 0:00:18]} 30. Rdg1 {[%emt 0:00:05]} Nh4 {[%emt 0:02:11]} 31. Rxg5 {[%emt 0:01:35]} Nf5 {[%emt 0:00:28]} 32. Rgg1 {[%emt 0:00:08]} Ncd4 {[%emt 0:01:33]} 33. Nc3 {[%emt 0:00:44]} Rh4 {[%emt 0:00:43]} 34. Bxf4 {[%emt 0:00:41]} Rxf4 {[%emt 0:00:03]} 35. Rh7+ {[%emt 0:00:19]} Kd8 {[%emt 0:01:04]} 36. Rg8+ {[%emt 0:00:21]} Kc7 {[%emt 0:00:06]} 37. Rhh8 {[%emt 0:00:06]} Rxf2 {[%emt 0:00:56]} 38. Rc8+ {[%emt 0:00:32]} Kb7 {[%emt 0:00:03]} 39. Rb8+ {[%emt 0:00:16]} Ka6 {[%emt 0:00:04]} 40. b4 {[%emt 0:00:00]} Rxc2+ {[%emt 0:00:00]} 41. Kb1 {[%emt 0:00:22]} Rxc3 {[%emt 0:00:12]} 0-1

[Event "POL-chT Ekstraliga 2018"]
[Site "Wroclaw"]
[Date "2018.09.14"]
[Round "4"]
[White "Hnydiuk, Aleksander"]
[Black "Mikrut, Dariusz"]
[Result "1-0"]
[WhiteElo "2397"]
[BlackElo "2379"]
[Annotator "NA"]
[PlyCount "93"]
[EventDate "2018.06.08"]
[EventType "team-tourn"]
[EventCountry "POL"]
[SourceTitle "playchess.com"]
[Source "ChessBase"]
[SourceQuality "1"]
[TimeControl "40/5400+30:1800+30"]

1. d4 {[%emt 0:00:00]} Nf6 {[%emt 0:00:40]} 2. Bf4 {[%emt 0:00:00]} d6 {[%emt 0:00:43]} 3. Nc3 {[%emt 0:03:14]} g6 {[%emt 0:01:36]} 4. e4 {[%emt 0:00:15]} Bg7 {[%emt 0:00:07]} 5. Qd2 {[%emt 0:00:24]} a6 {[%emt 0:03:26]} 6. Bh6 {[%emt 0:05:21]} O-O {[%emt 0:01:46]} 7. O-O-O {[%emt 0:40:01]} b5 {[%emt 0:07:12]} 8. f3 {[%emt 0:00:45]} Bxh6 {[%emt 0:06:40]} 9. Qxh6 {[%emt 0:00:06]} b4 {[%emt 0:00:02]} 10. Nce2 {[%emt 0:02:56]} c5 {[%emt 0:08:07]} 11. e5 {[%emt 0:09:46]} Nd5 {[%emt 0:11:06] [#]} 12. dxc5 $2 {[%emt 0:06:51]} ({Better is} 12. h4 $1 $18) 12... dxe5 {[%emt 0:01:09]} 13. Ng3 {[%emt 0:04:14]} e6 {[%emt 0:07:28]} 14. Bc4 {[%emt 0:02:57]} Qe7 {[%emt 0:11:14]} 15. Ne4 {[%emt 0:02:17]} Nd7 {[%emt 0:07:51]} 16. Nh3 {[%emt 0:15:07]} Bb7 {[%emt 0:03:47]} 17. Nhg5 {[%emt 0:01:47]} f6 {[%emt 0:00:48]} (17... f5 $16) 18. Nxe6 {[%emt 0:00:28]} Qxe6 $18 {[%emt 0:06:46]} 19. Qd2 {[%emt 0:00:03]} Rac8 {[%emt 0:02:32]} 20. Bxd5 {[%emt 0:00:17]} Bxd5 {[%emt 0:00:07]} 21. Qxd5 {[%emt 0:00:02]} Qxd5 {[%emt 0:00:29]} 22. Rxd5 {[%emt 0:00:05]} f5 {[%emt 0:00:12]} 23. Nd6 {[%emt 0:03:58]} Rxc5 {[%emt 0:01:29]} 24. Nxf5 {[%emt 0:00:06]} gxf5 {[%emt 0:03:50]} 25. Rxd7 {[%emt 0:00:04]} Rfc8 {[%emt 0:01:04]} 26. Rd2 {[%emt 0:00:03]} e4 {[%emt 0:00:19]} 27. fxe4 {[%emt 0:00:12]} fxe4 {[%emt 0:00:05]} 28. Re1 {[%emt 0:00:09]} Re8 {[%emt 0:00:30]} 29. Rd4 {[%emt 0:01:31]} e3 {[%emt 0:00:41]} 30. Rxb4 {[%emt 0:00:22]} Rg5 {[%emt 0:01:06]} 31. g3 {[%emt 0:01:07]} Rf5 {[%emt 0:00:25]} 32. Rb3 {[%emt 0:00:42]} e2 {[%emt 0:00:21]} 33. Kd2 {[%emt 0:00:13]} Rf2 {[%emt 0:00:06]} 34. h3 {[%emt 0:00:56]} Rh2 {[%emt 0:00:16]} 35. h4 {[%emt 0:00:18]} Rg2 {[%emt 0:00:18]} 36. Re3 {[%emt 0:00:41]} Rxe3 {[%emt 0:00:42]} 37. Kxe3 {[%emt 0:00:02]} Rxg3+ {[%emt 0:00:05]} 38. Kxe2 {[%emt 0:00:05]} Rg4 {[%emt 0:00:08]} 39. Rh1 {[%emt 0:00:55]} Rg2+ {[%emt 0:00:05]} 40. Kd3 {[%emt 0:00:00]} Kf7 {[%emt 0:00:00]} 41. Rf1+ {[%emt 0:01:00]} Ke6 {[%emt 0:00:09]} 42. Rf4 {[%emt 0:00:13]} Ke5 {[%emt 0:00:16]} 43. Ra4 {[%emt 0:01:54]} Rg6 {[%emt 0:01:44]} 44. Re4+ {[%emt 0:02:08]} Kf5 {[%emt 0:00:10]} 45. Ra4 {[%emt 0:05:09]} h5 {[%emt 0:01:45]} 46. Ra5+ {[%emt 0:10:37]} Kg4 {[%emt 0:00:41]} 47. Rg5+ {[%emt 0:00:28]} 1-0

[Event "POL-chT Ekstraliga 2018"]
[Site "Wroclaw"]
[Date "2018.09.14"]
[Round "4"]
[White "Nurkiewicz, Maciej"]
[Black "Gajewski, Grzegorz"]
[Result "1/2-1/2"]
[WhiteElo "2370"]
[BlackElo "2600"]
[Annotator "TA"]
[PlyCount "118"]
[EventDate "2018.06.08"]
[EventType "team-tourn"]
[EventCountry "POL"]
[SourceTitle "playchess.com"]
[Source "ChessBase"]
[SourceQuality "1"]

{[%evp 13,118,52,35,6,18,-21,-17,-14,-2,-48,6,13,6,6,8,9,0,-14,2,0,0,-30,-18,-46,-17,-57,-51,-65,-18,-15,-16,-16,0,-20,-12,-10,0,0,0,0,0,-1,0,-12,0,-12,-12,-23,-23,-23,-20,-20,-15,-16,-11,-16,0,-2,-2,-2,0,0,0,-12,0,0,0,0,0,0,0,0,0,0,0,0,0,0,0,0,0,0,0,0,0,-27,-27,-27,0,-27,0,0,0,0,0,0,0,0,0,0,0,0,0,0,0,0,0]} 1. e4 e5 2. Nf3 Nc6 3. Bc4 Bc5 4. c3 Nf6 5. d3 O-O 6. O-O d5 7. exd5 Nxd5 8. Nbd2 {C54: Giuoco Piano: 4 c3 Nf6, main lines with 5 d4 and 5 d3} (8. Re1 {feels hotter.} Bb6 9. Nbd2 Nf6 10. Qc2 Bf5 11. b4) (8. a4 Bf5 9. Nbd2 Nb6 10. Bb5 Bxd3 11. Re1 e4 12. Nxe4 Bxe4 13. Qxd8 Rfxd8 14. Rxe4 Rd1+ 15. Re1 Rxe1+ 16. Nxe1 {½-½ (55) Vachier Lagrave,M (2779)-Nakamura,H (2777) Saint Louis 2018}) 8... Nb6 9. Ne4 Nxc4 10. Nxc5 Nd6 11. Re1 Bg4 (11... b6 $15 12. Qa4 Ne7) 12. h3 $11 Bh5 13. g4 Bg6 $1 14. Bg5 Qc8 15. Nh4 ({Don't play} 15. Nxe5 Nxe5 16. Be7 (16. Rxe5 $2 f6 $19) 16... Nd7 $17) 15... f6 16. Nxg6 hxg6 17. Be3 $146 b6 18. Qf3 Qe8 19. Ne4 Rd8 20. Rad1 Nxe4 21. dxe4 Qe6 22. b3 Ne7 23. Rxd8 Rxd8 24. Rd1 Rf8 25. Qe2 g5 26. Qb5 Kf7 27. Kg2 Rc8 28. f3 (28. Qd3 {seems wilder.} Ng6 29. Qa6 Re8 30. Qb7 Re7 31. Qxa7 Qc6 32. Qa4) 28... Qc6 29. Qxc6 Nxc6 {[%mdl 4096] Endgame KRB-KRN} 30. Bf2 Ke7 31. h4 gxh4 32. Bxh4 Nd8 33. Bf2 Ne6 34. Be3 c5 35. Kf2 Rh8 {aiming for ...Rh2+.} 36. Kg2 Nc7 37. g5 Nb5 38. Rd3 (38. gxf6+ {is interesting.} gxf6 39. Rc1 Nd6 40. b4 c4 41. a4) 38... Rd8 (38... Ke6 {is interesting.} 39. gxf6 gxf6 40. Bf2 Na3 41. Rd2 c4) 39. gxf6+ gxf6 40. Rxd8 Kxd8 {KB-KN} 41. Bd2 Nd6 42. Kf2 c4 43. b4 f5 44. exf5 Nxf5 45. a4 a6 46. Bg5+ Kd7 47. Bf6 Ke6 48. Bd8 b5 49. axb5 axb5 50. Bg5 Kd5 51. Bf6 e4 52. Ke2 $1 {The position is equal.} Ng3+ 53. Kf2 Nh5 54. Bg5 Ng7 55. Ke3 Nf5+ 56. Kf4 Nd6 {Hoping for ...exf3.} 57. Bf6 exf3 58. Kxf3 Ne4 59. Bh8 Ng5+ {Precision: White = 54%, Black = 57%.} 1/2-1/2